Grundzüge der Investitions- und Finanzierungstheorie
Na minha lista:
| Autor principal: | |
|---|---|
| Formato: | Livro |
| Idioma: | alemão |
| Publicado em: |
Wiesbaden
Gabler
1990
|
| Edição: | 2. durchges. Aufl. |
| Assuntos: | |
| Tags: |
Sem tags, seja o primeiro a adicionar uma tag!
|
MARC
| LEADER | 00000nam a2200000 4500 | ||
|---|---|---|---|
| 001 | c000021 | ||
| 005 | 20221215125333.2 | ||
| 020 | |a 3-409-23700-3 | ||
| 041 | 0 | |a ger | |
| 044 | |a DE | ||
| 245 | 1 | 0 | |a Grundzüge der Investitions- und Finanzierungstheorie |c Reinhard H. Schmidt |
| 250 | |a 2. durchges. Aufl. | ||
| 264 | 1 | |a Wiesbaden |b Gabler |c 1990 | |
| 300 | |a 288 s. | ||
| 610 | 2 | 0 | |a teória investícií |
| 610 | 2 | 0 | |a financie |
| 610 | 2 | 0 | |a teória peňažná |
| 610 | 2 | 0 | |a rozhodovanie za rizika |
| 610 | 2 | 0 | |a financovanie |
| 610 | 2 | 0 | |a kapitál |
| 610 | 2 | 0 | |a náklady |
| 100 | 1 | |a Schmidt, Reinhard H. | |